[Event "GER-ch U25-C"]
[Site "Willingen"]
[Date "2023.05.30"]
[Round "4"]
[White "Ginschel, Sophia"]
[Black "Knudsen, Finn Luca"]
[Result "1-0"]
[WhiteElo "809"]
[BlackElo "967"]
[PlyCount "57"]
[EventDate "2023.05.27"]
[EventType "swiss"]
[EventRounds "9"]
[EventCountry "GER"]
[SourceTitle "CBM 214 Extra"]
[Source "ChessBase"]
[SourceDate "2023.07.31"]
[SourceVersion "1"]
[SourceVersionDate "2023.07.31"]
[SourceQuality "1"]

1. e4 e5 2. Nf3 Nc6 3. Bc4 Nd4 4. Nxd4 exd4 5. d3 Bc5 6. Qh5 Qe7 7. Bg5 Nf6 8. Bxf6 Qxf6 9. Qxc5 c6 10. c3 dxc3 11. Nxc3 d6 12. Qe3 0-0 13. 0-0-0 Re8 14. Qf3 Qxf3 15. gxf3 b5 16. Bb3 Bb7 17. Rde1 Re7 18. f4 b4 19. Ne2 Rae8 20. f3 d5 21. Ng3 Ba6 22. Kc2 g6 23. f5 gxf5 24. Rhg1 Kf8 25. Nxf5 Rc7 26. Rg7 dxe4 27. Reg1 Bxd3+ 28. Kc1 exf3 29. Rg8# 1-0

[Event "GER-ch U25-C"]
[Site "Willingen"]
[Date "2023.05.29"]
[Round "3"]
[White "Tarasenko, Ruslan"]
[Black "Ginschel, Sophia"]
[Result "1-0"]
[WhiteElo "1087"]
[BlackElo "809"]
[PlyCount "33"]
[EventDate "2023.05.27"]
[EventType "swiss"]
[EventRounds "9"]
[EventCountry "GER"]
[SourceTitle "CBM 214 Extra"]
[Source "ChessBase"]
[SourceDate "2023.07.31"]
[SourceVersion "1"]
[SourceVersionDate "2023.07.31"]
[SourceQuality "1"]

1. e4 e5 2. Nf3 Nc6 3. d4 exd4 4. Nxd4 Qh4 5. Nc3 Bb4 6. Qd3 Nf6 7. Bd2 Bxc3 8. Bxc3 Nxe4 9. 0-0-0 Nxf2 10. Qe3+ Ne7 11. Nf5 Ng4 12. Nxh4 Nxe3 13. Re1 Nxf1 14. Rhxf1 0-0 15. Rxe7 b6 16. Nf5 g6 17. Nh6# 1-0